হরপ্রসাদ শাস্ত্রী রচনা-সংগ্রহ / (Record no. 82542)
[ view plain ]
| 000 -LEADER | |
|---|---|
| fixed length control field | 01518nam a2200277 a 4500 |
| 001 - CONTROL NUMBER | |
| control field | 82542 |
| 003 - CONTROL NUMBER IDENTIFIER | |
| rucl marc code | BD-RjUL |
| 005 - DATE AND TIME OF LATEST TRANSACTION | |
| control field | 20231226120331.0 |
| 008 - FIXED-LENGTH DATA ELEMENTS--GENERAL INFORMATION | |
| fixed length control field | 231226s1980 ii ||||| |||| 00| 0 ben d |
| 035 ## - SYSTEM CONTROL NUMBER | |
| System control number | (BD-RjUL) 82542 |
| 040 ## - CATALOGING SOURCE | |
| Original cataloging agency | BD-RjUL |
| Language of cataloging | eng |
| Transcribing agency | BD-RjUL |
| 041 ## - LANGUAGE CODE | |
| Language code of text/sound track or separate title | ben |
| 082 ## - DEWEY DECIMAL CLASSIFICATION NUMBER | |
| Edition number | 23 |
| Classification number | 891.4408 |
| Author mark and year | SAH 1980 |
| 100 ## - MAIN ENTRY--PERSONAL NAME | |
| Personal name | শাস্ত্রী, হরপ্রসাদ |
| 9 (RLIN) | 10701 |
| 245 ## - TITLE STATEMENT | |
| Title | হরপ্রসাদ শাস্ত্রী রচনা-সংগ্রহ / |
| Statement of responsibility, etc. | হরপ্রসাদ শাস্ত্রী ; সম্পাদনা সত্যজিৎ চৌধুরী , নিখিলেশ্বর সেনগুপ্ত , দেবপ্রসাদ ভট্টাচার্য , সুমিত্রা ভট্টাচার্য |
| 260 ## - PUBLICATION, DISTRIBUTION, ETC. (IMPRINT) | |
| Place of publication, distribution, etc. | কলিকাতা : |
| Name of publisher, distributor, etc. | পশ্চিমবঙ্গ রাজ্য পুস্তক পর্ষৎ, |
| Date of publication, distribution, etc. | ১৯৮০ |
| 300 ## - PHYSICAL DESCRIPTION | |
| Pagination | খণ্ড; |
| Size | ২২ সেমি. |
| 505 01 - FORMATTED CONTENTS NOTE | |
| Formatted contents note | খণ্ড. ১ম -- |
| 650 ## - SUBJECT ADDED ENTRY--TOPICAL TERM | |
| Topical term or geographic name as entry element | বাংলা সাহিত্য |
| General subdivision | সংগৃহীত রচনাসমূহ |
| 9 (RLIN) | 7825 |
| Topical term or geographic name as entry element | Bengali Literature |
| General subdivision | Collected Works |
| 9 (RLIN) | 3190 |
| 700 ## - ADDED ENTRY--PERSONAL NAME | |
| Personal name | চৌধুরী, সত্যজিৎ |
| Personal name | সেনগুপ্ত , নিখিলেশ্বর |
| Personal name | ভট্টাচার্য , দেবপ্রসাদ |
| Personal name | ভট্টাচার্য, সুমিত্রা |
| 942 ## - ADDED ENTRY ELEMENTS (KOHA) | |
| Source of classification or shelving scheme | Dewey Decimal Classification |
| Koha item type | Books |
| Lost status | Source of classification or shelving scheme | Damaged status | Not for loan | Collection code | Permanent Location | Current Location | Shelving location | Date acquired | Source of acquisition | Cost, normal purchase price | Total Checkouts | Full call number | Date last seen | Copy number | Koha item type |
|---|---|---|---|---|---|---|---|---|---|---|---|---|---|---|---|
| Dewey Decimal Classification | Not For Loan | Non-fiction | Central Library, University of Rajshahi | Central Library, University of Rajshahi | Reading Room | 07/04/1982 | India International | 25.00 | B 891.4408 SAH V-1 1980 | 26/12/2023 | C-1 | Books |